000
00328nam a22001337a 4500
999
_c
13831
_d
13831
020
_a
9780357506431
082
_a
005.8
100
_a
Michael E. Whitman ; Herbert J. Mattord
245
_a
Principles of Information Security
250
_a
7th edition
260
_a
Australia
_b
Cengage
_c
2022
300
_a
752 pages
942
_c
BK